[Event "Bayern-ch Seniors 18th"]
[Site "Schloss Schney"]
[Date "2006.07.01"]
[Round "7"]
[White "Schnurr, Anton"]
[Black "Schmidt, Wolfgang4444"]
[Result "1/2-1/2"]
[WhiteElo "1697"]
[BlackElo "1627"]
[PlyCount "90"]
[EventDate "2006.06.25"]
[EventType "swiss"]
[EventRounds "9"]
[EventCountry "GER"]
[SourceTitle "EXT 2007"]
[Source "ChessBase"]
[SourceDate "2006.11.23"]
[SourceVersion "1"]
[SourceVersionDate "2006.11.23"]
[SourceQuality "1"]

1. d4 d5 2. e3 Nf6 3. Be2 g6 4. Nd2 Bg7 5. f4 Bf5 6. Bf3 c6 7. g4 Be4 8. Nxe4 Nxe4 9. Bxe4 dxe4 10. h4 h5 11. g5 f5 12. c3 e6 13. Qb3 Qd7 14. Bd2 0-0 15. Ne2 Na6 16. a4 b6 17. 0-0 Rab8 18. c4 Rfd8 19. Bc3 Nc7 20. Rfd1 Qf7 21. Qc2 Ne8 22. b3 Rd7 23. b4 Rbd8 24. c5 Rc7 25. Rab1 b5 26. axb5 cxb5 27. Ra1 Qd7 28. Ra6 Rc6 29. Rda1 Rxa6 30. Rxa6 Kf7 31. Qa2 Ra8 32. Kf2 Bf8 33. Nc1 Be7 34. Qe2 Nc7 35. Ra2 Nd5 36. Be1 Qc7 37. Bd2 a6 38. Nb3 Bd8 39. Na5 Qd7 40. Nb3 Nc7 41. Be1 Nd5 42. Qc2 Qc7 43. Bd2 Qc6 44. Na5 Bxa5 45. Rxa5 Ne7 1/2-1/2

[Event "Bayern-ch Seniors 18th"]
[Site "Schloss Schney"]
[Date "2006.06.28"]
[Round "4"]
[White "Zellner, Erwin"]
[Black "Schnurr, Anton"]
[Result "0-1"]
[WhiteElo "1613"]
[BlackElo "1697"]
[PlyCount "124"]
[EventDate "2006.06.25"]
[EventType "swiss"]
[EventRounds "9"]
[EventCountry "GER"]
[SourceTitle "EXT 2007"]
[Source "ChessBase"]
[SourceDate "2006.11.23"]
[SourceVersion "1"]
[SourceVersionDate "2006.11.23"]
[SourceQuality "1"]

1. d4 Nf6 2. Nf3 e6 3. e3 d5 4. c4 c6 5. Nc3 Bb4 6. Bd2 Nbd7 7. cxd5 exd5 8. Be2 0-0 9. 0-0 Bd6 10. Bd3 Re8 11. Qc2 Nf8 12. e4 dxe4 13. Nxe4 Nxe4 14. Bxe4 g6 15. g3 f5 16. Bd3 Be6 17. Ng5 Bd5 18. Bc4 Be7 19. Bxd5+ Qxd5 20. Rad1 Bf6 21. Nh3 Ne6 22. Bc3 Rad8 23. Qb3 Qxb3 24. axb3 Kf7 25. Rfe1 g5 26. Kg2 g4 27. Ng1 Bxd4 28. Rxe6 Rxe6 29. Rxd4 Rxd4 30. Bxd4 Re4 31. Bc3 c5 32. f3 Re6 33. f4 Rb6 34. Ne2 Rxb3 35. Kf2 Ke6 36. Nc1 Rb6 37. Nd3 Kd5 38. Ke3 Re6+ 39. Ne5 Rh6 40. Nf7 Rxh2 41. Be5 Rg2 42. Nd6 Rxg3+ 43. Kf2 Rf3+ 44. Kg2 Ke6 45. Nxb7 h5 46. Nxc5+ Kd5 47. Nd7 h4 48. Nf6+ Ke6 49. Nh7 h3+ 50. Kh2 Rf2+ 51. Kh1 Kf7 52. Ng5+ Kg6 53. b4 Re2 54. Bd6 Kh5 55. Bc5 a6 56. b5 axb5 57. Kg1 Rc2 58. Bb4 Rc4 59. Bd2 b4 60. Nxh3 gxh3 61. Kh2 Rc2 62. Kxh3 Rxd2 0-1

[Event "Bayern-ch Seniors 17th"]
[Site "Schloss Schney"]
[Date "2005.06.16"]
[Round "7"]
[White "Schnurr, Anton"]
[Black "Anliker, Peter"]
[Result "1/2-1/2"]
[WhiteElo "1688"]
[BlackElo "1932"]
[PlyCount "26"]
[EventDate "2005.06.10"]
[EventType "swiss"]
[EventRounds "9"]
[EventCountry "GER"]
[SourceTitle "EXT 2006"]
[Source "ChessBase"]
[SourceDate "2005.11.24"]
[SourceVersion "1"]
[SourceVersionDate "2005.11.24"]
[SourceQuality "1"]

1. d4 Nf6 2. c4 g6 3. Nc3 Bg7 4. e4 d6 5. f3 0-0 6. Be3 e5 7. Nge2 Nbd7 8. d5 a6 9. g4 b5 10. Ng3 bxc4 11. Bxc4 Nb6 12. Be2 Bd7 13. h4 Qb8 1/2-1/2

[Event "Bayern-ch Seniors 17th"]
[Site "Schloss Schney"]
[Date "2005.06.14"]
[Round "5"]
[White "Schnurr, Anton"]
[Black "Reichenbacher, Gerhard"]
[Result "0-1"]
[WhiteElo "1688"]
[BlackElo "1802"]
[PlyCount "86"]
[EventDate "2005.06.10"]
[EventType "swiss"]
[EventRounds "9"]
[EventCountry "GER"]
[SourceTitle "EXT 2006"]
[Source "ChessBase"]
[SourceDate "2005.11.24"]
[SourceVersion "1"]
[SourceVersionDate "2005.11.24"]
[SourceQuality "1"]

1. d4 Nf6 2. c4 e6 3. Nc3 Bb4 4. Qc2 0-0 5. a3 Bxc3+ 6. Qxc3 b6 7. Qc2 Bb7 8. Bg5 h6 9. Bxf6 Qxf6 10. e3 c5 11. dxc5 bxc5 12. f3 Qe5 13. Kf2 Nc6 14. f4 Qf6 15. Nf3 d6 16. Be2 e5 17. f5 Rfe8 18. Bd3 Rab8 19. Rab1 a5 20. Be4 Ne7 21. g4 Bxe4 22. Qxe4 Rb3 23. Nd2 Qh4+ 24. Kg2 Rb6 25. b4 axb4 26. axb4 Rxb4 27. Nf3 d5 28. Rxb4 dxe4 29. Nxh4 cxb4 30. Rb1 Nc6 31. Kf2 Rd8 32. Ke2 Kf8 33. Ng2 Ke7 34. Ne1 Kd6 35. h4 Kc5 36. Rc1 b3 37. h5 f6 38. Nc2 bxc2 39. Rxc2 Nb4 40. Rc3 Ra8 41. Kf1 Nd3 42. Rc2 Ra1+ 43. Ke2 Re1+ 0-1

[Event "Bayern-ch Seniors 17th"]
[Site "Schloss Schney"]
[Date "2005.06.13"]
[Round "4"]
[White "Reimann, Guenther"]
[Black "Schnurr, Anton"]
[Result "1/2-1/2"]
[WhiteElo "1891"]
[BlackElo "1688"]
[PlyCount "54"]
[EventDate "2005.06.10"]
[EventType "swiss"]
[EventRounds "9"]
[EventCountry "GER"]
[SourceTitle "EXT 2006"]
[Source "ChessBase"]
[SourceDate "2005.11.24"]
[SourceVersion "1"]
[SourceVersionDate "2005.11.24"]
[SourceQuality "1"]

1. c4 Nf6 2. Nf3 e6 3. g3 Be7 4. d3 d5 5. Nbd2 c6 6. Bg2 Nbd7 7. 0-0 0-0 8. Qc2 Re8 9. a3 h6 10. b3 Bd6 11. Bb2 Qe7 12. b4 e5 13. Nh4 Nf8 14. e4 g5 15. Nhf3 d4 16. Rae1 c5 17. b5 Ng6 18. Nb3 Nh5 19. Bc1 Be6 20. Qe2 Ng7 21. h3 f6 22. Nh2 h5 23. f3 Qd7 24. g4 h4 25. Qb2 b6 26. Bd2 Reb8 27. Ra1 a5 1/2-1/2

[Event "Bayern-ch Seniors 17th"]
[Site "Schloss Schney"]
[Date "2005.06.11"]
[Round "2"]
[White "Grueneschild, Hildegard"]
[Black "Schnurr, Anton"]
[Result "0-1"]
[WhiteElo "1418"]
[BlackElo "1688"]
[PlyCount "144"]
[EventDate "2005.06.10"]
[EventType "swiss"]
[EventRounds "9"]
[EventCountry "GER"]
[SourceTitle "EXT 2006"]
[Source "ChessBase"]
[SourceDate "2005.11.24"]
[SourceVersion "1"]
[SourceVersionDate "2005.11.24"]
[SourceQuality "1"]

1. c4 e6 2. Nc3 Be7 3. d4 b6 4. e4 d6 5. Be3 Bb7 6. Nf3 Nd7 7. Bd3 c6 8. Rc1 Nf8 9. 0-0 g5 10. d5 Ng6 11. dxe6 fxe6 12. Nd4 Nf8 13. Qh5+ Kd7 14. Qf7 Qe8 15. Qg7 Ng6 16. Bxg5 h6 17. Bxe7 N8xe7 18. Qf6 Qg8 19. Qf3 Rf8 20. Qg3 Nf4 21. Bb1 Qf7 22. Qh4 Qg7 23. g3 Neg6 24. Qg4 Qxd4 25. gxf4 Nxf4 26. Kh1 Rhg8 27. Qh4 Qe5 28. f3 Ng2 29. Qf2 Ba6 30. b3 h5 31. Rg1 Nf4 32. Rxg8 Rxg8 33. Ne2 Rg2 34. Qxg2 Nxg2 35. Kxg2 Qg5+ 36. Kh1 Qe3 37. Re1 Qxf3+ 38. Kg1 h4 39. Nd4 Qg4+ 40. Kh1 Qg7 41. Nf3 Qg4 42. Nd4 e5 43. Rg1 Qxg1+ 44. Kxg1 exd4 45. Kf2 Ke7 46. Kf3 Bc8 47. Kf4 Kf6 48. Bd3 Bd7 49. Be2 c5 50. Bd3 a6 51. a3 b5 52. b4 bxc4 53. Bxc4 Bb5 54. Bb3 c4 55. Bd1 c3 56. a4 Bc4 57. a5 Bb5 58. Bb3 Be2 59. Ba4 Bb5 60. Bb3 Be2 61. Ba4 Bb5 62. Bb3 d3 63. Ke3 Ke5 64. Bd1 c2 65. Bxc2 dxc2 66. Kd2 Kxe4 67. Kxc2 d5 68. Kd2 d4 69. Kc2 Ke3 70. Kd1 d3 71. Ke1 d2+ 72. Kd1 Ba4# 0-1

[Event "Bayern-ch Seniors 16th"]
[Site "Schloss Schney"]
[Date "2004.06.14"]
[Round "9"]
[White "Schnurr, Anton"]
[Black "Fels, Karl Heinz"]
[Result "0-1"]
[WhiteElo "1663"]
[BlackElo "1811"]
[PlyCount "78"]
[EventDate "2004.06.06"]
[EventType "swiss"]
[EventRounds "9"]
[EventCountry "GER"]
[SourceTitle "EXT 2006"]
[Source "ChessBase"]
[SourceDate "2005.11.24"]
[SourceVersion "1"]
[SourceVersionDate "2005.11.24"]
[SourceQuality "1"]

1. d4 Nf6 2. c4 e6 3. a3 b6 4. Nc3 Bb7 5. d5 exd5 6. cxd5 d6 7. e4 Be7 8. Be2 0-0 9. g4 h6 10. Be3 c5 11. h3 Nh7 12. Nf3 Nd7 13. h4 f6 14. h5 Ne5 15. Nh4 Re8 16. f4 Nf7 17. Qd2 Bf8 18. 0-0-0 a6 19. Rdg1 b5 20. Bf3 b4 21. Nb1 bxa3 22. Nxa3 a5 23. Ng6 Ba6 24. Rg2 Rb8 25. Rhg1 Rb3 26. g5 fxg5 27. fxg5 Nfxg5 28. Bg4 Rxe4 29. Be6+ Nxe6 30. dxe6 Rbxe3 31. Nxf8 Ng5 32. Nc2 Rd3 33. Rxg5 hxg5 34. Qg2 Re5 35. Rf1 Rdd5 36. Ne3 Bxf1 37. Qxf1 Qxf8 38. Qc4 Qf4 39. Qa6 Qxe3+ 0-1

[Event "Bayern-ch Seniors 16th"]
[Site "Schloss Schney"]
[Date "2004.06.13"]
[Round "8"]
[White "Schnurr, Anton"]
[Black "Kandel, Reinhold"]
[Result "0-1"]
[WhiteElo "1663"]
[BlackElo "1878"]
[PlyCount "170"]
[EventDate "2004.06.06"]
[EventType "swiss"]
[EventRounds "9"]
[EventCountry "GER"]
[SourceTitle "EXT 2006"]
[Source "ChessBase"]
[SourceDate "2005.11.24"]
[SourceVersion "1"]
[SourceVersionDate "2005.11.24"]
[SourceQuality "1"]

1. d4 e6 2. Nf3 Nf6 3. Nbd2 d5 4. e3 c5 5. c3 Nc6 6. Bd3 Bd7 7. 0-0 cxd4 8. exd4 Bd6 9. Re1 0-0 10. Nf1 h6 11. Bd2 Re8 12. Ne5 a6 13. Ng3 Qc7 14. f4 Rad8 15. Rc1 b5 16. a3 Na5 17. Bb1 Nc4 18. Qc2 Bc8 19. Re2 Bb7 20. Rce1 Ne4 21. Bc1 f5 22. Qd1 Bxe5 23. fxe5 Qe7 24. Rf1 Rf8 25. Bd3 Nxg3 26. hxg3 g5 27. Ref2 Bc6 28. Qh5 Qg7 29. Qh2 Be8 30. b3 Na5 31. Bc2 Rc8 32. Bd2 Nc6 33. g4 Nxd4 34. Bd1 Nc6 35. gxf5 exf5 36. Rxf5 Rxf5 37. Rxf5 Bd7 38. Rf6 Re8 39. Bc2 Re6 40. Qh3 Rxf6 41. exf6 Bxh3 42. fxg7 Be6 43. Be3 Kxg7 44. Kf2 Kf6 45. Bb6 h5 46. Ke3 Bf5 47. Bd1 h4 48. Bf3 Ke6 49. Bc7 g4 50. Be2 Ne5 51. Bf1 Bc2 52. b4 Bf5 53. Bd8 h3 54. gxh3 gxh3 55. Kf2 h2 56. Bg2 Nc4 57. Bc7 Nxa3 58. Bb6 Nc4 59. Bd4 Be4 60. Bh3+ Kd6 61. Bg2 h1Q 62. Bxh1 Bxh1 63. Kg3 Ne5 64. Kf4 Nf3 65. Bc5+ Ke6 66. Be3 Ne1 67. Bd4 Be4 68. Bg7 Nd3+ 69. Kg5 Nc1 70. Kf4 Ne2+ 71. Ke3 Ng3 72. Bh8 Kf5 73. Kd4 Ke6 74. Kc5 Bd3 75. Kb6 Kf5 76. Kxa6 Ke4 77. Kb6 Bc4 78. Kc5 Kd3 79. Bd4 Ne4+ 80. Kc6 Nxc3 81. Bf2 Ne4 82. Be1 Kc2 83. Kb6 Kb3 84. Ka5 d4 85. Bf2 Nxf2 0-1

[Event "Bayern-ch Seniors 15th"]
[Site "Schloss Schney"]
[Date "2003.06.20"]
[Round "8.23"]
[White "Fritsch, Wolfgang"]
[Black "Schnurr, Anton"]
[Result "1-0"]
[WhiteElo "1733"]
[BlackElo "1690"]
[PlyCount "113"]
[EventDate "2003.06.13"]
[EventType "swiss"]
[EventRounds "9"]
[EventCountry "GER"]
[SourceTitle "EXT 2004"]
[Source "ChessBase"]
[SourceDate "2003.11.25"]
[SourceVersion "1"]
[SourceVersionDate "2003.11.25"]
[SourceQuality "1"]

1. e4 e6 2. d4 Be7 3. Nc3 d6 4. Nf3 Nd7 5. Be2 c6 6. 0-0 Nf8 7. Be3 g5 8. Qd2 h6 9. Ne1 e5 10. g3 Ng6 11. Ng2 Bh3 12. Bh5 Bxg2 13. Kxg2 Nf6 14. Bxg6 fxg6 15. dxe5 dxe5 16. Qxd8+ Kxd8 17. f3 Nh5 18. Nd1 Bd6 19. Nf2 Kc7 20. Rad1 b6 21. Rd3 Ng7 22. Rfd1 Rad8 23. c3 Ne6 24. b4 h5 25. Nh3 Be7 26. Rxd8 Rxd8 27. Rxd8 Kxd8 28. Kf1 Kc7 29. Ke2 a6 30. a3 c5 31. Kd3 Kc6 32. Kc4 cxb4 33. cxb4 Bd8 34. Nf2 Be7 35. Nd3 Bd6 36. a4 Bc7 37. b5+ axb5+ 38. axb5+ Kd6 39. Nb4 g4 40. fxg4 hxg4 41. Nd5 Bd8 42. Nxb6 Bxb6 43. Bxb6 Ng5 44. Bc5+ Kd7 45. Kd5 Nf7 46. b6 Nd8 47. Kxe5 Kc6 48. Be3 Nf7+ 49. Kf6 Nd6 50. e5 Nf5 51. Bf2 Nh6 52. Kxg6 Ng8 53. Kg5 Kb7 54. Kxg4 Nh6+ 55. Kg5 Nf7+ 56. Kf6 Nh6 57. h3 1-0

[Event "Bayern-ch Seniors 14th"]
[Site "Schloss Schney"]
[Date "2002.06.08"]
[Round "9"]
[White "Schnurr, Anton"]
[Black "Roth, Karlheinz"]
[Result "1/2-1/2"]
[WhiteElo "1705"]
[BlackElo "1603"]
[PlyCount "132"]
[EventDate "2002.05.31"]
[EventType "swiss"]
[EventRounds "9"]
[EventCountry "GER"]
[SourceTitle "EXT 2003"]
[Source "ChessBase"]
[SourceDate "2002.11.25"]
[SourceVersion "1"]
[SourceVersionDate "2002.11.25"]
[SourceQuality "1"]

1. c4 Nf6 2. Nc3 c5 3. e4 Nc6 4. d3 d6 5. h3 e6 6. Bg5 Be7 7. Nf3 0-0 8. g4 Nd7 9. Qd2 Nde5 10. Bxe7 Nxf3+ 11. Kd1 Nxd2 12. Bxd8 Nxf1 13. Bh4 Nd4 14. Rxf1 f5 15. f4 a6 16. Be7 Rf7 17. Bxd6 b6 18. Na4 Rb7 19. b3 Bd7 20. Nc3 Be8 21. Kd2 Rd8 22. e5 Bc6 23. Rf2 a5 24. Rb1 Kf7 25. a4 Bd7 26. Ke3 Nc6 27. gxf5 exf5 28. h4 h5 29. Rg2 Nd4 30. Rg3 Rg8 31. Rg5 g6 32. Nd5 Bc6 33. Rg3 Nc2+ 34. Kd2 Nd4 35. Nf6 Rd8 36. Nh7 Kg7 37. Ng5 Re8 38. Re3 Ne6 39. Nh3 Bg2 40. Rg1 Bxh3 41. Rxh3 Kf7 42. Re3 Rd7 43. Rf1 Nd4 44. Rb1 Nc6 45. Rg1 Nd4 46. Reg3 Rg8 47. Rb1 Nc6 48. Re1 Ke6 49. Reg1 Kf7 50. e6+ Kxe6 51. Rxg6+ Rxg6 52. Rxg6+ Kf7 53. Rh6 Nd4 54. Be5 Nf3+ 55. Ke3 Nxh4 56. Rh7+ Ke6 57. Rxh5 Ng6 58. Rh6 Kf7 59. Rh7+ Ke6 60. Rxd7 Kxd7 61. d4 Ke6 62. d5+ Kd7 63. Kf3 Kc8 64. Ke3 Kb7 65. Kd3 Ne7 66. Ke3 Kc8 1/2-1/2

[Event "Bayern-ch Seniors 13th"]
[Site "Schloss Schney"]
[Date "2001.??.??"]
[Round "4"]
[White "Schneider, Martin1111"]
[Black "Schnurr, Anton"]
[Result "1-0"]
[WhiteElo "1644"]
[BlackElo "1812"]
[PlyCount "113"]
[EventDate "2001.06.??"]
[EventType "swiss"]
[EventRounds "9"]
[EventCountry "GER"]
[SourceTitle "EXT 2006"]
[Source "ChessBase"]
[SourceDate "2005.11.24"]
[SourceVersion "1"]
[SourceVersionDate "2005.11.24"]
[SourceQuality "1"]

1. c4 b6 2. Nc3 e6 3. e4 Bb7 4. a3 d6 5. Nf3 h6 6. b4 Nd7 7. d3 g5 8. h3 Bg7 9. Bd2 Ne7 10. Rc1 Ng6 11. Be2 e5 12. Nh2 c6 13. Ng4 a6 14. Ne3 Nf6 15. Nf5 Bf8 16. Bh5 Bc8 17. Ng3 Be6 18. Bxg6 fxg6 19. Be3 c5 20. 0-0 Bg7 21. Rb1 0-0 22. bxc5 dxc5 23. Qc2 Nd7 24. Rfd1 h5 25. Nd5 h4 26. Ne2 Bxd5 27. exd5 Rf5 28. Nc3 Nf6 29. Qc1 Nh5 30. Ne4 Nf4 31. Bxf4 gxf4 32. f3 Rb8 33. Rd2 Rf7 34. Rdb2 Rfb7 35. Nxc5 e4 36. Nxb7 Bd4+ 37. Kf1 Qg5 38. dxe4 Be3 39. Qd1 Qg3 40. Na5 Qh2 41. Nc6 Rb7 42. Ne5 Qg1+ 43. Ke2 Qxg2+ 44. Kd3 Qg5 45. Ng4 Bc5 46. Qa4 Qe7 47. Qxa6 g5 48. a4 Qg7 49. a5 Qd4+ 50. Ke2 Re7 51. Qc8+ Kg7 52. Qf5 Qxc4+ 53. Ke1 Qc3+ 54. Kd1 Qd3+ 55. Ke1 Qc3+ 56. Kf1 Qd3+ 57. Kg2 1-0

[Event "Bayern-ch Seniors 13th"]
[Site "Schloss Schney"]
[Date "2001.??.??"]
[Round "1"]
[White "Schnurr, Anton"]
[Black "Ruppe, Otto"]
[Result "0-1"]
[WhiteElo "1812"]
[BlackElo "2307"]
[PlyCount "64"]
[EventDate "2001.06.??"]
[EventType "swiss"]
[EventRounds "9"]
[EventCountry "GER"]
[SourceTitle "EXT 2006"]
[Source "ChessBase"]
[SourceDate "2005.11.24"]
[SourceVersion "1"]
[SourceVersionDate "2005.11.24"]
[SourceQuality "1"]

1. c4 e5 2. Nc3 Nf6 3. e4 Nc6 4. d3 d6 5. Nf3 Be7 6. Be3 Ng4 7. Bd2 f5 8. h3 Nf6 9. Be2 0-0 10. Qc2 Kh8 11. a3 a6 12. b3 Bd7 13. 0-0-0 Rb8 14. exf5 Bxf5 15. g4 Bg6 16. Qb2 Nd7 17. Be3 b5 18. cxb5 axb5 19. h4 b4 20. axb4 Nxb4 21. d4 exd4 22. Nxd4 Nc5 23. Nf5 Nxb3+ 24. Qxb3 Nd3+ 25. Kc2 Rxb3 26. Bxd3 Ra3 27. Ra1 Rxa1 28. Rxa1 Bxf5 29. Bxf5 Bf6 30. Be4 c5 31. Rd1 Qa5 32. Nd5 Qa2+ 0-1

[Event "Bayern-ch Seniors 13th"]
[Site "Schloss Schney"]
[Date "2001.??.??"]
[Round "2"]
[White "Thonig, Manfred"]
[Black "Schnurr, Anton"]
[Result "1-0"]
[WhiteElo "1599"]
[BlackElo "1812"]
[PlyCount "115"]
[EventDate "2001.06.??"]
[EventType "swiss"]
[EventRounds "9"]
[EventCountry "GER"]
[SourceTitle "EXT 2006"]
[Source "ChessBase"]
[SourceDate "2005.11.24"]
[SourceVersion "1"]
[SourceVersionDate "2005.11.24"]
[SourceQuality "1"]

1. f4 e5 2. fxe5 d6 3. exd6 Nc6 4. Nf3 Bxd6 5. e3 Bg4 6. Be2 Bxf3 7. Bxf3 Qh4+ 8. g3 Qh3 9. Bxc6+ bxc6 10. Qf3 Nf6 11. Qxc6+ Ke7 12. Nc3 Rhd8 13. Qf3 h5 14. Ne2 Rab8 15. Nf4 Bxf4 16. exf4 Kf8 17. d3 Re8+ 18. Kd1 c6 19. b3 Nd5 20. Bd2 g6 21. Kc1 Qf5 22. c4 Nc7 23. Kc2 Ne6 24. Bc3 c5 25. Rae1 Ng5 26. Rxe8+ Rxe8 27. Qg2 Qg4 28. Re1 Ne6 29. Kd2 Rd8 30. Qf2 Qf5 31. Qe3 Rd6 32. Qe4 Qxe4 33. Rxe4 Ra6 34. a4 Rb6 35. Kc2 f5 36. Re5 Kf7 37. Rd5 Ke7 38. d4 cxd4 39. Bxd4 Rb7 40. Kc3 h4 41. Re5 Kf7 42. b4 hxg3 43. hxg3 Nxd4 44. Kxd4 Rxb4 45. Ra5 Rb7 46. Kd5 Ke7 47. Kc6 Rb6+ 48. Kc7 Rb4 49. c5 Rb3 50. Rxa7 Rxg3 51. Kc8+ Ke6 52. c6 Rb3 53. c7 Rb4 54. Ra6+ Ke7 55. a5 Rxf4 56. Rxg6 Ra4 57. Kb8 Rb4+ 58. Rb6 1-0

[Event "Bayern-ch Seniors 12th"]
[Site "Schloss Schney"]
[Date "2000.??.??"]
[Round "9"]
[White "Fels, Karl Heinz"]
[Black "Schnurr, Anton"]
[Result "1/2-1/2"]
[WhiteElo "1914"]
[BlackElo "1773"]
[PlyCount "82"]
[EventDate "2000.11.02"]
[EventType "swiss"]
[EventRounds "9"]
[EventCountry "GER"]
[SourceTitle "EXT 2002"]
[Source "ChessBase"]
[SourceDate "2001.11.25"]
[SourceVersion "1"]
[SourceVersionDate "2001.11.25"]
[SourceQuality "1"]

1. e4 c5 2. Nf3 Nc6 3. d4 cxd4 4. Nxd4 e6 5. a3 Bc5 6. Nxc6 bxc6 7. Bd3 a5 8. 0-0 d5 9. Qg4 Kf8 10. e5 Ra7 11. Nc3 f6 12. Na4 Be7 13. f4 f5 14. Qf3 c5 15. b3 Bd7 16. Nc3 h5 17. a4 g6 18. Ba3 Nh6 19. h3 Ra8 20. Bb5 Nf7 21. Qf2 Rc8 22. Rad1 Bxb5 23. Nxb5 h4 24. Rd3 g5 25. Re1 Rg8 26. fxg5 Nxg5 27. Kh1 Nf7 28. c4 Rg3 29. Rxg3 hxg3 30. Qf3 d4 31. Qd3 Rc6 32. Bc1 Bg5 33. Bxg5 Qxg5 34. Kg1 Qf4 35. Qf3 Qxf3 36. gxf3 Ng5 37. Kg2 f4 38. h4 Nf7 39. Re4 Ke7 40. Rxf4 Nxe5 41. Kxg3 Rc8 1/2-1/2

[Event "Bayern-ch Seniors 12th"]
[Site "Schloss Schney"]
[Date "2000.??.??"]
[Round "7"]
[White "Kleinwaechter, Matthias"]
[Black "Schnurr, Anton"]
[Result "1-0"]
[WhiteElo "2023"]
[BlackElo "1773"]
[PlyCount "143"]
[EventDate "2000.11.02"]
[EventType "swiss"]
[EventRounds "9"]
[EventCountry "GER"]
[SourceTitle "EXT 2002"]
[Source "ChessBase"]
[SourceDate "2001.11.25"]
[SourceVersion "1"]
[SourceVersionDate "2001.11.25"]
[SourceQuality "1"]

1. e4 c5 2. Nf3 Nc6 3. d4 cxd4 4. Nxd4 e6 5. g3 Bc5 6. Nb3 Bb6 7. Bg2 d6 8. 0-0 Nf6 9. Nc3 a6 10. Bg5 h6 11. Bxf6 gxf6 12. Qh5 Bd7 13. a4 Nb4 14. Rad1 Bc6 15. Rd2 Qe7 16. a5 Ba7 17. Bh3 0-0-0 18. Nd5 Nxd5 19. exd5 Bb5 20. c4 Bd7 21. c5 e5 22. Rc1 dxc5 23. d6 Qe8 24. Nxc5 Bxc5 25. Rxc5+ Kb8 26. Qh4 Bxh3 27. Qxh3 Qe6 28. Qxe6 fxe6 29. Rc7 Rxd6 30. Rxd6 Kxc7 31. Rxe6 Rf8 32. Kg2 Rf7 33. Kf3 Kd7 34. Rb6 Ke8 35. Ke4 Kf8 36. h4 Kg7 37. Kf5 h5 38. f3 Rc7 39. b4 Rf7 40. g4 hxg4 41. fxg4 e4 42. Kxe4 Re7+ 43. Kf4 Rd7 44. Ke4 Re7+ 45. Kf4 Rd7 46. h5 Re7 47. h6+ Kxh6 48. Rxf6+ Kg7 49. Rb6 Kf7 50. g5 Kg7 51. Kf5 Kf7 52. Kg4 Kg7 53. Kh5 Rd7 54. b5 axb5 55. Rxb5 Kh7 56. g6+ Kg7 57. Kg5 Rc7 58. Kf5 Re7 59. Rc5 Rd7 60. Ke6 Rd8 61. Rc7+ Kxg6 62. Rxb7 Ra8 63. Rb5 Ra7 64. Kd6 Kf6 65. Kc6 Ke6 66. Kb6 Ra8 67. Kb7 Rf8 68. Rc5 Kd6 69. Rc6+ Kd7 70. a6 Ra8 71. Kxa8 Kxc6 72. Kb8 1-0

[Event "Bayern-ch Seniors 12th"]
[Site "Schloss Schney"]
[Date "2000.??.??"]
[Round "1"]
[White "Schnurr, Anton"]
[Black "Gerdes, Hans"]
[Result "1-0"]
[WhiteElo "1773"]
[BlackElo "1863"]
[PlyCount "97"]
[EventDate "2000.11.02"]
[EventType "swiss"]
[EventRounds "9"]
[EventCountry "GER"]
[SourceTitle "EXT 2002"]
[Source "ChessBase"]
[SourceDate "2001.11.25"]
[SourceVersion "1"]
[SourceVersionDate "2001.11.25"]
[SourceQuality "1"]

1. c4 e5 2. Nc3 d6 3. g3 f5 4. d3 Nf6 5. Bg2 Be7 6. h3 c5 7. Bd2 Nc6 8. e3 Be6 9. Nd5 Qd7 10. Qa4 0-0 11. Ne2 Rfe8 12. a3 Bf8 13. Nxf6+ gxf6 14. Nc3 Bg7 15. Bd5 Qf7 16. b4 f4 17. b5 fxe3 18. fxe3 Nd8 19. e4 Qh5 20. Qd1 Qg6 21. Qf3 Bxd5 22. cxd5 b6 23. 0-0 Rf8 24. g4 Nb7 25. Ne2 h5 26. Ng3 hxg4 27. hxg4 Rae8 28. Kg2 Kf7 29. Rh1 Rh8 30. Rh5 Ke7 31. Rah1 Rxh5 32. gxh5 Qh7 33. h6 Bh8 34. Qf5 Qxf5 35. Nxf5+ Kf7 36. h7 Kg6 37. Rh6+ Kf7 38. Rh1 Kg6 39. Kf3 Ra8 40. Kg4 Re8 41. Rh6+ Kf7 42. Kh5 Ra8 43. Rg6 Rd8 44. Bh6 Ke8 45. Rg8+ Kf7 46. Nxd6+ Rxd6 47. Rf8+ Ke7 48. Rxh8 Nd8 49. Bf8+ 1-0

[Event "Bayern-ch Seniors 12th"]
[Site "Schloss Schney"]
[Date "2000.??.??"]
[Round "3"]
[White "Schnurr, Anton"]
[Black "Schmidt, Gerhard"]
[Result "0-1"]
[WhiteElo "1773"]
[BlackElo "2230"]
[PlyCount "72"]
[EventDate "2000.11.02"]
[EventType "swiss"]
[EventRounds "9"]
[EventCountry "GER"]
[SourceTitle "EXT 2002"]
[Source "ChessBase"]
[SourceDate "2001.11.25"]
[SourceVersion "1"]
[SourceVersionDate "2001.11.25"]
[SourceQuality "1"]

1. c4 e6 2. Nc3 d5 3. e3 Nf6 4. Nf3 Be7 5. a3 0-0 6. Be2 c5 7. d4 b6 8. 0-0 Bb7 9. b3 Nc6 10. Bb2 Rc8 11. Rc1 Ne4 12. Nxe4 dxe4 13. Ne1 Bf6 14. f3 cxd4 15. fxe4 Bg5 16. Nc2 dxe3 17. Ne1 Qxd1 18. Rxd1 Na5 19. Nf3 Bh6 20. Rd7 Bxe4 21. Rxa7 Nxb3 22. Nd4 Nc5 23. Rd1 Rfd8 24. Rf1 Rf8 25. Rd1 Ra8 26. Nb5 Bg5 27. Rxa8 Rxa8 28. Nd6 Bc2 29. Rc1 Bd3 30. Kf1 Rd8 31. Be5 f6 32. Bg3 e5 33. Nb5 Bxe2+ 34. Kxe2 Rd2+ 35. Kf3 e2 36. Nc3 Rd3+ 0-1

[Event "Bayern-ch Seniors 11th"]
[Site "Schloss Schney"]
[Date "1999.??.??"]
[Round "8"]
[White "Hoeppner, Hans1111"]
[Black "Schnurr, Anton"]
[Result "0-1"]
[WhiteElo "1701"]
[BlackElo "1848"]
[PlyCount "80"]
[EventDate "1999.11.??"]
[EventType "swiss"]
[EventRounds "9"]
[EventCountry "GER"]
[SourceTitle "EXT 2002"]
[Source "ChessBase"]
[SourceDate "2001.11.25"]
[SourceVersion "1"]
[SourceVersionDate "2001.11.25"]
[SourceQuality "1"]

1. e3 d5 2. Ne2 c6 3. Ng3 g6 4. f4 e6 5. Nc3 h5 6. d3 h4 7. Nge2 Bg7 8. b3 b5 9. Bb2 Nf6 10. Qd2 a6 11. 0-0-0 a5 12. Kb1 Bd7 13. e4 b4 14. Na4 Na6 15. Bd4 Nc7 16. Nb6 Rb8 17. h3 Nb5 18. Nxd7 Na3+ 19. Ka1 Qxd7 20. Bb2 Nb5 21. e5 Nh5 22. d4 Bh6 23. Kb1 0-0 24. Rg1 Qe7 25. g4 hxg3 26. Bc1 Qh4 27. Qe1 Rfc8 28. Nxg3 Nc3+ 29. Ka1 Nxd1 30. Ba6 Nc3 31. Bxc8 Rxc8 32. f5 Bxc1 33. fxg6 fxg6 34. Qxc1 Nxg3 35. Qe1 Nce4 36. Qe3 Rf8 37. Qd3 Qf4 38. Kb2 Qf3 39. Rxg3 Qxg3 40. Qa6 Qc3+ 0-1